Представление документа в формате MARC21

Поле Инд. ПП Название Значение
Тип записи a
Библиографический уровень m
001 Контрольный номер e3ba00ae-24bd-4e2b-903b-4feefda1a038
005 Дата корректировки 20140703153737.4
008 Кодируемые данные 070305
020 a ISBN 0-00-255203-5
c Цена, тираж 3791.02
040 a Служба первич. каталог. НБ ТвГУ
041 a Код языка текста eng
080 a Индекс УДК 2 - 9
a Индекс УДК 27 - 9
084 a Индекс другой классификации/Индекс ББК Э23
a Индекс другой классификации/Индекс ББК Э371
a Индекс другой классификации/Индекс ББК Э371-34
090 x Авторский знак F66
a Полочн. индекс Э23
100 1_ a Автор Fletcher Richard A.
245 10 a Заглавие The conversion of Europe
b Продолж. заглавия from Paganism to Christianity, 371-1386 AD
c Ответственность Richard Fletcher
260 0_ a Место издания London
b Издательство HarperCollins
c Дата издания 1997
300 a Объем XIII, 562 p.
b Иллюстрации/ тип воспроизводства ill., [16] p. of plates : maps
c Размеры 25cm.
504 a Библиография Bibliogr.: p. 525-533. - Ind.: p. 525-562.
583 a Действие Получение впервые 42 05.03.2007
k Исполнитель действия Дар Оксфордско-Российского Фонда
650 a Основная рубрика Религия
650 a Основная рубрика Христианство
x Основная подрубрика История
z Географическая подрубрика Европа
653 a Ключевые слова Религия
a Ключевые слова Христианство
a Ключевые слова История религии
a Ключевые слова История Христианства
a Ключевые слова Христианизация Европы
a Ключевые слова Раннее Христианство
a Ключевые слова Оксфордско-Российский фонд
852 t Порядковый номер экземпляра 1
p Инвентарный номер 871042
888 a Бесплатные
930 a Новая/Ретро иностр
a Новая/Ретро англ
952 p 42.2007 3791.02 1 871042
c Вид литературы К ин
954 a Дата поступления на обработку 20070504
999 a Подразделение 2 ч.з.